Didáctica de las ciencias naturales en la enseñanza básica: modelos de programación
Na minha lista:
| Autor principal: | |
|---|---|
| Formato: | Livro |
| Idioma: | espanhol |
| Publicado em: |
Madrid
Narcea
1980
|
| Colecção: | Educación Hoy
|
| Assuntos: | |
| Tags: |
Adicionar Tag
Sem tags, seja o primeiro a adicionar uma tag!
|
MARC
| LEADER | 00000nam a2200000 a 4500 | ||
|---|---|---|---|
| 001 | UCW3298 | ||
| 003 | CL-VaPUC | ||
| 008 | 880630e19800000SP |||||||||||||||||spa|d | ||
| 082 | 0 | 4 | |a 372.35 |b BAR |2 21 |
| 100 | |a Barberá Albalat, Vicente |e author |9 429154 | ||
| 245 | 1 | 0 | |a Didáctica de las ciencias naturales en la enseñanza básica: modelos de programación |
| 300 | |a 176 p | ||
| 942 | |c BK | ||
| 945 | |d 19880630 00:00:00 | ||
| 260 | |a Madrid |b Narcea |c 1980 | ||
| 650 | 0 | |a Educación científica |9 307484 | |
| 650 | 0 | |a Educación básica |9 224933 | |
| 650 | 0 | |a Métodos de enseñanza |9 270413 | |
| 650 | 0 | |a Ciencias naturales |9 260542 | |
| 583 | |a last modification |c 20180328 12:23:41 |k Rodrigo Vera | ||
| 490 | 0 | |a Educación Hoy | |
| 999 | |c 217389 |d 217387 | ||
| 952 | |0 0 |1 0 |4 0 |6 372_350000000000000_BAR_1980 |7 0 |8 P |9 204831 |a BIBEDU |b BIBEDU |c BIBEDU_PB |d 2019-11-15 |i 272622K |o 372.35 BAR 1980 |p 272622K |r 2024-01-25 |w 2019-11-15 |y BK |k EDU | ||